[Event "Hradec Kralove op"]
[Site "Hradec Kralove"]
[Date "2013.05.20"]
[Round "8"]
[White "Olmo Cantillo, Jose"]
[Black "Kraus, Tomas"]
[Result "0-1"]
[WhiteElo "1616"]
[BlackElo "2359"]
[PlyCount "70"]
[EventDate "2013.05.15"]
[EventType "swiss"]
[EventRounds "9"]
[EventCountry "CZE"]
[SourceTitle "EXT 2014"]
[Source "ChessBase"]
[SourceDate "2013.11.20"]
[SourceVersion "1"]
[SourceVersionDate "2013.11.20"]
[SourceQuality "1"]

1. e4 e6 2. d3 d5 3. Nd2 c5 4. g3 Nc6 5. Bg2 g6 6. Ngf3 Bg7 7. 0-0 Nge7 8. c3 b6 9. Re1 0-0 10. h4 Qc7 11. Qc2 dxe4 12. dxe4 a5 13. e5 Ba6 14. c4 Rad8 15. Ne4 Nxe5 16. Nxe5 Bxe5 17. Bg5 Bg7 18. h5 h6 19. Bf6 Bxf6 20. Nxf6+ Kg7 21. Ng4 g5 22. b3 Nf5 23. Qb2+ Nd4 24. Rad1 Bb7 25. Bxb7 Qxb7 26. Re3 f6 27. Qb1 Qf7 28. Rde1 Qxh5 29. Qe4 Rf7 30. Nxf6 Rxf6 31. Qb7+ Rf7 32. Qxb6 Nf3+ 33. Rxf3 Qxf3 34. Qxc5 Rd2 35. Qe5+ Kh7 0-1